| 000 | 00692nam a22002177a 4500 | ||
|---|---|---|---|
| 005 | 20251108173128.0 | ||
| 008 | 250721s2000 xx 000 0 ara d | ||
| 082 | 1 | 4 | _a217.8/شعر |
| 100 | 1 | _aالشعراوي، محمد متولي | |
| 245 | 1 | 0 | _aفقه الحلال و الحرام / |
| 264 | 1 |
_aبيروت : _bدار القلم للطباعة و النشر، _c2000. |
|
| 300 | _a120ص. | ||
| 650 | 1 | 7 | _aالإسلام |
| 650 | 1 | 7 | _aالأحكام الشرعية |
| 650 | 1 | 7 | _aالفقه الإسلامي |
| 650 | 1 | 7 | _aالحلال والحرام |
| 700 | 1 | _aالشعراوي، محمد متولي | |
| 700 | 1 | _aالزعبي، أحمد | |
| 942 |
_2ddc _cBK |
||
| 999 |
_c96730 _d96730 |
||